000 01122cam a2200133 4500500
005 20260405024802.0
041 _afre
042 _adc
100 1 0 _aCosme, Pierre
_eauthor
245 0 0 _aL'armée romaine : VIIIe s. av. J.-C.-Ve s. ap. J.-C.
260 _bArmand Colin,
_c2021.
520 _aL’armée romaine nous est familière à travers péplums ou bandes dessinées, textes classiques, visite de sites antiques... Cet implacable outil de conquête et de civilisation, auquel l’Europe notamment doit largement ses contours reste un objet de fascination. Afin de restituer la réalité de l’armée romaine, cet ouvrage analyse l’évolution des institutions militaires romaines mais s’attache aussi à donner corps à ce que fut cette armée, en présentant les soldats qui, au-delà d’un instrument de conquête, ont également contribué à la diffusion du mode de vie romain, à la bonne marche de l’administration de l’Empire, mais aussi à la circulation des idées et des croyances.
856 4 1 _uhttps://shs.cairn.info/l-armee-romaine--9782200620998?lang=fr&redirect-ssocas=7080
999 _c2141292
_d2141292